000 00836nam a2200277Ia 4500
001 Z_5891
003 CHAP
008 220113s2009 xx 000 0 und d
010 _a169100
040 _cCHAP
090 _aTesis S 2159
100 _aSerrano Azpeitia,Nahúm.
_9105199
245 _aComposición nutricional de la dieta de venado cola blanca(Odocoileus virginianus subespecie mexicanus)en Pitzotlán, Morelos /
_cNahúm Serrano Azpeitia
260 _aChapingo,Méx. :
_bEl autor,
_c2009
300 _a45h.
502 _aTesis(Ing.Agr.Esp.en Zootecnia).--UACH. Departamento de Zootecnia.
650 _aNutrición
_xMorelos
_9143417
650 _aOdocoileus virginianus
_982732
650 _aVenado
_9143418
901 _aTESIS S 2159
902 _aM
910 _a2009
942 _c2
942 _c2
999 _c169100
_d169100